000 00406pab a2200157 454500
008 180718b1978 xxu||||| |||| 00| 0 eng d
100 _aHalder, D.K.
245 _aImpact of rapid transit system on land-use and environment: The case of Calcutta Tube Rail
260 _c1978
300 _ap.33-43.
362 _aJul-Sep
650 _aLand use
773 _aNagarlok
908 _aN
909 _a102220
999 _c102218
_d102218